00366nam a2200145Ia 4500008004100000020001800041041000800059082001600067100001700083245002000100250000600120260006200126300000700188650002500195210716s2019 xx 000 0 und d a9789352138883 aeng a004.69 SINA aSingh, Ajit. aEdge computing. a1 aMumbaibShroff Publishers and Distributors Pvt Ltdc2019 a89 aInternet / Mutimedia